Sports Quiz

Random Sports or Baseball Quiz

Baseball: A 'National Pastime' Quiz Stats

 Plays Quiz Updated Jun 27, 2017

Support Sporcle.
Go Orange.
Score 0/33 Timer 16:00
0 Plays Today
% Correct
Play Ball!
99.3%
Home
79.7%
Diary
79%
Cincinnati Red Stockings
78.2%
Cricket
78%
Civil War
77.8%
New York Yankees
77.2%
National Pastime
77%
Bubble Gum
76.1%
Performance Enhancing Drugs
75.5%
Brooklyn Dodgers
74.8%
Abner Doubleday
74.8%
“Take Me Out to the Ball-game”
74.7%
Field of Dreams
74.6%
Going, Going…. Gone! We're outta here! (One swing of the Bat)
74.4%
Salary Cap
73.7%
2001
73.7%
% Correct
'Shoeless' Joe Jackson
73.7%
Free Agency
72.8%
Lou Gehrig
72.1%
Little League
71.2%
West Point
71.2%
George Herman “Babe” Ruth
70.9%
Satchel Paige
69.9%
President William Howard Taft
69%
King George III
68.9%
Massachusetts
68.7%
Baltimore Colts
66.9%
Golden Spike
66.7%
The Cleveland Indians
62.6%
Judge Kenesaw Mountain Landis
45.2%
Reserve Clause
23.5%
Elysian Fields
20.2%

You're not logged in!

Compare scores with friends on all Sporcle quizzes.
OR
Log In
Forgot?

From the Vault

European Country by Two Hints

by matthijsbp

You really only need one hint, the second one is just because we're feeling nice.
Remove Ads.
Support Sporcle.
Get the best of Sporcle when you Go Orange. This ad-free experience offers more features, more stats, and more fun while also helping to support Sporcle. Thank you for becoming a member.

Show Comments

Extras

Top Quizzes Today


Score Distribution

Your Account Isn't Verified!

In order to create a playlist on Sporcle, you need to verify the email address you used during registration. Go to your Sporcle Settings to finish the process.

Report this User

Report this user for behavior that violates our Community Guidelines.

Details: